00338nam a2200133Ia 4500008004100000041001200041082002000053100001300073245003700086250001200123260003200135300001400167650002300181231221s9999 xx 000 0 und d aEnglish a541.3 BAH;1 R aBahl B S 0aEssentials of physical chemistry a1st ed. c1943bNew Delhi : S. Chand, avii+866+6 aPhysical chemistry